000
00324nam a22001337a 4500
020
_a
978-93-80236-61-5
041
_a
ENG
100
_a
kushwaha.K.S
245
_a
Objective Agriculture Statistics
260
_a
New Delhi
_b
New India Publishing Agency
_c
2011
300
_a
310
650
_a
UPCS
856
_u
Competitive Exam
999
_c
208
_d
208